00358nam a2200145Ia 4500003000400000005001700004008004100021040000900062082001700071100002700088245004600115260003100161300000900192650001100201OSt20250512115151.0190216s9999||||xx |||||||||||||| ||und|| coclc a492.7bMOH/F aMohyideen, K V Veeran  0aFunctional Arabic /cK V Veeran Mohyideen bArab Net,c2013.aCalicut: a135p aArabic